| 000 | 00923nam a22003017a 4500 | ||
|---|---|---|---|
| 003 | CHAP | ||
| 005 | 20220329135840.0 | ||
| 008 | 971013s1970 r 00010 d | ||
| 010 | _a43256 | ||
| 011 | _a44228 | ||
| 035 | _a48366 | ||
| 040 | _cCHAP | ||
| 090 | _aTesis | ||
| 100 | 0 | 0 |
_aSaénz Colín, Alfredo. _9102584 |
| 245 | _aComentarios a la campaña contra el gusano rosado en Sonora | ||
| 260 |
_aChapingo, Méx. : _bEl autor, _c1970 |
||
| 300 |
_a124 h. _b: ilus. |
||
| 502 | _aTesis (Ing. Agr. Esp. en Parasitología) -- ENA | ||
| 590 |
_aALEPH _b10 _c20130110 _lUCH01 _h1312 |
||
| 590 |
_aBATCH-UPD _b10 _c20130110 _lUCH01 _h1415 |
||
| 590 |
_aBATCH-UPD _b10 _c20130410 _lUCH01 _h0859 |
||
| 590 |
_aBATCH-UPD _b10 _c20130914 _lUCH01 _h1557 |
||
| 590 |
_aCONVERSION _b10 _c20130109 _lUCH01 _h1324 |
||
| 650 | 1 | 4 |
_aGusano rosado. _951563 |
| 901 | _aBK | ||
| 942 | _cTESIS | ||
| 949 |
_bBC _cTES _d-109601 _eTS1 _i48366 _si |
||
| 999 |
_c43256 _d43256 |
||